The Manager's book of quotations / (Record no. 24568)

000 -LEADER
fixed length control field 01089pam a2200289 a 4500
001 - CONTROL NUMBER
control field 3857943
003 - CONTROL NUMBER IDENTIFIER
control field OSt
005 - DATE AND TIME OF LATEST TRANSACTION
control field 20170128160706.0
008 - FIXED-LENGTH DATA ELEMENTS--GENERAL INFORMATION
fixed length control field 881228s1989 nyu 001 0 eng
010 ## - LIBRARY OF CONGRESS CONTROL NUMBER
LC control number 88048030
020 ## - INTERNATIONAL STANDARD BOOK NUMBER
International Standard Book Number 0814458394
040 ## - CATALOGING SOURCE
Original cataloging agency DLC
Transcribing agency DLC
Modifying agency DLC
050 00 - LIBRARY OF CONGRESS CALL NUMBER
Classification number HD38
Item number .M31875 1989
082 00 - DEWEY DECIMAL CLASSIFICATION NUMBER
Classification number 658
Edition number 19
245 04 - TITLE STATEMENT
Title The Manager's book of quotations /
Statement of responsibility, etc. Lewis D. Eigen, Jonathan P. Siegel.
260 ## - PUBLICATION, DISTRIBUTION, ETC. (IMPRINT)
Place of publication, distribution, etc. New York, NY :
Name of publisher, distributor, etc. American Management Association,
Date of publication, distribution, etc. c1989.
300 ## - PHYSICAL DESCRIPTION
Extent xx, 528 p. ;
Dimensions 26 cm.
500 ## - GENERAL NOTE
General note Includes index.
650 #0 - SUBJECT ADDED ENTRY--TOPICAL TERM
Topical term or geographic name as entry element Management
General subdivision Quotations, maxims, etc.
700 1# - ADDED ENTRY--PERSONAL NAME
Personal name Eigen, Lewis, D.
700 1# - ADDED ENTRY--PERSONAL NAME
Personal name Siegel, Jonathan P.
Fuller form of name (Jonathan Paul),
Dates associated with a name 1944-
906 ## - LOCAL DATA ELEMENT F, LDF (RLIN)
a 7
b cbc
c orignew
d 1
e ocip
f 19
g y-gencatlg
942 ## - ADDED ENTRY ELEMENTS (KOHA)
Source of classification or shelving scheme
Koha item type Hard Covered Materials
Classification part HD 38 .M31875 1989
Holdings
Withdrawn status Lost status Source of classification or shelving scheme Damaged status Not for loan Home library Current library Shelving location Date acquired Source of acquisition Total Checkouts Full call number Barcode Date last seen Price effective from Koha item type
          MACHAKOS UNIVERSITY LIBRARY MACHAKOS UNIVERSITY LIBRARY Technical section 28/01/2017 Donation (BFA)   HD 38 .M31875 1989 32943 25/06/2019 28/01/2017 Hard Covered Materials
© Machakos University Library, Along The Highway, Machakos Wote Rd, Machakos, Kenya P.O. Box 136 - 90100 Machakos - Kenya

Tel: ( +254 ) 723 805829 OR Fax : 044-20353 OR Email: library@mksu.ac.ke